Score 0/18 Timer 02:00
0 Plays Today
Hint 4-Letter Word % Correct
DifficultHARD
97.9%
An owl's call HOOT
97.2%
Another term for 'lumber'WOOD
96.3%
Pullover covering attached to many jacketsHOOD
96.2%
Appendage below the wristHAND
95.8%
Runny-nose residue SNOT
95.5%
Remains in a fireplaceSOOT
95.4%
One unit of languageWORD
94.1%
Sailor's exclamation: '___ Ho!'LAND
93.2%
Hint 4-Letter Word % Correct
Robin actor in '60s 'Batman' TV show BurtWARD
92.2%
A golfer's call-out after hitting the ballFORE
92.1%
Rendered fat from a pigLARD
92.1%
• 2006 Alan Rickman movie: ___ [last rung] •
or Winter's precipitation
•SNOW•
91.3%
A feudal superior LORD
90.8%
A forgeryFAKE
90.5%
The price of admissionFARE
89.7%
Knowledge and legend passed through traditionLORE
89.4%
• 2006 Alan Rickman movie: [first rung] ___
or Marie Antoinette: 'Let them eat ___!'
•CAKE•
87.1%

Today's Daily Dose

Remove Ads.
Support Sporcle.
Get the best of Sporcle when you Go Orange. This ad-free experience offers more features, more stats, and more fun while also helping to support Sporcle. Thank you for becoming a member.

You're not logged in!

Compare scores with friends on all Sporcle quizzes.
OR
Log In

Show Comments

Extras

Top Quizzes Today


Score Distribution

Your Account Isn't Verified!

In order to create a playlist on Sporcle, you need to verify the email address you used during registration. Go to your Sporcle Settings to finish the process.

Report this User

Report this user for behavior that violates our Community Guidelines.

Details: